| 000 | 00369 a2200169 4500 | ||
|---|---|---|---|
| 001 | 171570 | ||
| 020 | _a | ||
| 040 | _cMagnum | ||
| 100 | _aWalder, Julieta | ||
| 240 | 1 | 0 |
_aEntrevistando uma abelhinha _lpor |
| 245 | 1 | 0 | _aEntrevistando uma abelhinha |
| 300 | _a46 | ||
| 362 | 0 | _a1985 | |
| 440 | 1 | _aPaulinas | |
| 697 | _aLITERATURA INFANTO-JUVENIL | ||
| 942 | _cBK | ||
| 999 |
_c171570 _d171570 |
||